| 000 | 00402nam a22001337a 4500 | ||
|---|---|---|---|
| 082 |
_a519.5 _bLIP _cN-01, P-145 |
||
| 100 |
_aLipschutz, Seymour _98529 |
||
| 245 |
_aIntroduction to probability and statistics _cLipschutz, Seymour |
||
| 260 |
_bTemple university _c2000 |
||
| 300 |
_avi, 370 p. : _bill, ; _c24 cm. |
||
| 526 |
_a0 _b0 _c0 _d519_500000000000000_LIP |
||
| 650 |
_aNUST _96342 |
||
| 942 |
_2ddc _cBK |
||
| 999 |
_c545119 _d545119 |
||